000 00650cam a2200193 4500500
005 20260111080158.0
041 _afre
042 _adc
100 1 0 _aKlopfer, Michel
_eauthor
245 0 0 _aCollectivités locales : faut-il réformer la dotation globale de fonctionnement (DGF) ?
260 _c2017.
500 _a8
690 _aDGF
690 _adotations
690 _afinances locales
690 _aréforme de la DGF
786 0 _nGestion & Finances Publiques | 1 | 1 | 2017-01-25 | p. 29-35 | 1969-1009
856 4 1 _uhttps://droit.cairn.info/revue-gestion-et-finances-publiques-2017-1-page-29?lang=fr&redirect-ssocas=7080
999 _c1615965
_d1615965